| 000 | 00471nam a2200181Ia 4500 | ||
|---|---|---|---|
| 003 | OSt | ||
| 005 | 20240703112610.0 | ||
| 008 | 210210b1969 xxu||||| |||| 00| 0 eng d | ||
| 040 | _cAL | ||
| 041 | _aKannada | ||
| 082 | _a859/603 | ||
| 100 |
_aTA RA SU ತ. ರಾ.ಸು _9134932 |
||
| 245 |
_aSaku magalu _bಸಾಕು ಮಗಳು |
||
| 260 |
_aBengaluru _bSharada Prakatanalalya _c1969 |
||
| 690 |
_aKannada Fiction _9134935 |
||
| 906 | _a021459 | ||
| 942 |
_2ddc _cBK |
||
| 999 |
_c145546 _d145546 |
||